| 000 | 01761nam0a2200385 4500 | ||
|---|---|---|---|
| 001 | RU\NLR\BIBL_A\012747473 | ||
| 005 | 20251210105817.0 | ||
| 010 |
_a978-5-392-33383-7 _91000 |
||
| 035 | _a(NLR Aleph) 012747473 | ||
| 090 |
_a13021512 _c13021512 |
||
| 100 | _a20220331d2021 u y0rusy50 ca | ||
| 101 | 0 |
_arus _deng |
|
| 102 | _aRU | ||
| 105 | _ay e 000zy | ||
| 181 | 0 |
_ai4 _baxxe |
|
| 182 | 0 | _an | |
| 200 | 1 |
_aУчебный англо-русский математический словарь _dA student's english-russian mathematical dictionary _eоколо 1800 словарных статей _fА. А. Шаракшанэ _zeng |
|
| 203 |
_aТекст _bвизуальный _cнепосредственный |
||
| 210 |
_aМосква _cПроспект _d2021 |
||
| 215 |
_a70, [2] с. _d21 |
||
| 300 | _aАвт. также на англ. яз.: A. A. Sharakshane | ||
| 320 | _aБиблиогр. в конце кн. (8 назв.) | ||
| 510 | 1 |
_6z22790 _aA student's english-russian mathematical dictionary _zeng |
|
| 606 | 1 |
_aАнглийский язык _xТерминология математическая _xСловари _xРусский язык _9969392 _3RU\NLR\AUTH\6644477 |
|
| 606 | 1 |
_aМатематика _jТерминологические словари _9922118 _3RU\NLR\AUTH\6619329 |
|
| 686 | 1 | _aШ143.21-491терм | |
| 686 | 1 | _aШ141.12-491терм | |
| 686 | 1 | _aВ1я212.2 | |
| 700 | 1 |
_aШаракшанэ _bА. А. _f1954- _gАлександр Абович _9139454 _3RU\NLR\AUTH\770139489 |
|
| 790 | 1 |
_6z22510 _aŠarakšané _bA. A. _f1954- _gAleksandr Abovič |
|
| 942 | _cBOOK | ||
| 980 | _aNB | ||